Music Quiz

Random Music or Kpop Quiz

Name that K-Pop Group by Picture Quiz Stats

 Plays Quiz not verified by Sporcle

Support Sporcle.
Go Orange.
Score 0/77 Timer 20:00
0 Plays Today
% Correct
Exo
96.8%
2NE1
94.9%
Big Bang
94.4%
F(x)
93%
Seventeen
90.9%
Girls Generation
90.2%
Got7
89.4%
Bangtan Boys
84.4%
AOA
82.8%
SHINee
82.7%
Btob
82.4%
4Minute
80.7%
iKon
78.2%
Block B
77.2%
VIXX
76.9%
Twice
76.3%
TVXQ
75.1%
Sistar
74.9%
Super Junior
74.7%
Miss A
70.7%
2PM
69.9%
Apink
69%
Infinite
67.8%
Red Velvet
66%
EXID
65.2%
Winner
64.1%
Wonder Girls
63.5%
Teen Top
63.4%
Mamamoo
63.3%
B.A.P.
61.9%
Beast
61.7%
Girl's Day
61.1%
Monsta X
59.9%
Epik High
58.8%
IOI
57.8%
KARA
57.3%
After School
57.2%
JYJ
56.4%
B1A4
54.5%
% Correct
Astro
53.7%
CNBlue
53.1%
2AM
51.5%
Day6
49.7%
GFriend
49%
Crayon Pop
48.1%
Boyfriend
46.5%
T-ara
45.2%
Shinhwa
44%
Nu'est
44%
Secret
42.9%
MBLAQ
41.3%
F.T.Island
40.7%
U-Kiss
39.5%
9Muses
38.2%
ZE:A
37.9%
ToppDogg
34%
Brown Eyed Girls
33.5%
KNK
31.8%
Rainbow
31%
Oh My Girl
29.5%
SS501
26.6%
Bestie
25%
U-Kiss
24.9%
Spica
24.4%
Dalshabet
22.9%
Up10tion
21.9%
High4
20.6%
Cosmic Girls
20.6%
MYNAME
19.5%
Sonamoo
17.1%
Stellar
14.7%
History
14.3%
100%
13.7%
Imfact
12.4%
Boy's Republic
10.4%
Romeo
9%
Snuper
5.4%

You're not logged in!

Compare scores with friends on all Sporcle quizzes.
OR
Log In

From the Vault

Top 20 Cities of Tanzania on a Map

by Anosmos

Tanzania is much bigger than this in real life, we had to shrink the map to fit your screen.
Remove Ads.
Support Sporcle.
Get the best of Sporcle when you Go Orange. This ad-free experience offers more features, more stats, and more fun while also helping to support Sporcle. Thank you for becoming a member.

Show Comments

Extras

Top Quizzes Today


Score Distribution

Your Account Isn't Verified!

In order to create a playlist on Sporcle, you need to verify the email address you used during registration. Go to your Sporcle Settings to finish the process.

Report this User

Report this user for behavior that violates our Community Guidelines.

Details: